LEADER 00852nam0-22003011i-450- 001 990000967470403321 010 $a0-691-08129-8 035 $a000096747 035 $aFED01000096747 035 $a(Aleph)000096747FED01 035 $a000096747 100 $a20000920d19711973km-y0itay50------ba 101 0 $aeng 200 1 $a<>Pion-Nucleon System$fB.H. Bransden and R.G. Moorhouse 210 $aPrinceton [N.J.]$cPrinceton University Press$d1973 610 0 $aFisica nucleare 610 0 $aRadioattività 676 $a539.74539.752 700 1$aBransden,$bBrian Harold$045284 702 1$aMoorhouse,$bR.G. 801 0$aIT$bUNINA$gRICA$2UNIMARC 901 $aBK 912 $a990000967470403321 952 $a34AI-169$b9081$fFI1 952 $a34AI-169.001$b$fFI1 959 $aFI1 996 $aPion-Nucleon System$9358601 997 $aUNINA LEADER 01075nam a2200265 i 4500 001 991002520489707536 005 20020503170255.0 008 930107s1986 it ||| | ita 020 $a882050023X 035 $ab10376367-39ule_inst 035 $aEXGIL105212$9ExL 040 $aBiblioteca Interfacoltà$bita 100 1 $aPappalardo, Armando$0252124 245 10$aDizionario di scienze occulte :$bpiccola enciclopedia di opere e fatti concernenti la magia, l'astrologia, l'alchimia, ... /$cArmando Pappalardo 260 $aMilano :$bCisalpino-Goliardica,$cc1986 300 $aVII, 365 p. ;$c16 cm. 490 0 $aReprint antichi manuali Hoepli ;$v4 500 $aRiprod. facs. della 2. ed. : Milano : Hoepli, 1922 650 4$aOccultismo$xDizionari 907 $a.b10376367$b21-02-17$c27-06-02 912 $a991002520489707536 945 $aLE002 Coll. 11.13$g1$iLE002-14485N$lle002$o-$pE0.00$q-$rn$so $t0$u0$v0$w0$x0$y.i10440513$z27-06-02 996 $aDizionario di scienze occulte$9202714 997 $aUNISALENTO 998 $ale002$b01-01-93$cm$da $e-$fita$git $h0$i1